000
00203nam a2200109Ia 4500
100
_a
NIETZSCHE
942
_c
BK
245
_a
THUS SPOKE ZARATHUSTRA
260
_b
#N/A
546
_a
ENGLISH
999
_c
24537
_d
24537